000 01080naa a22003017a 4500
001 BR8704386
003 BR-BrBNA
005 20240918175822.0
007 ta
008 230509b bl.||||| |||| 00| 0 por d
040 _aBR-BrBNA
_bpor
_cBiblioteca Nacional de Agricultura
041 _a(Pt)
072 _aF30
_b0710
_bG514
090 _aF30 BR8704386
100 1 _aCamelatto, D.
100 1 _aBassols, M. do C.
111 1 _a5. Congresso Brasileiro de Fruticultura
_cPelotas, RS (Brazil)
_d7-14 Jan 1979
245 1 _aMaca "Br-1", uma cultivar com frutos amarelos e maturacao precoce [Brasil]
260 3 _aPelotas, RS (Brasil):
_c1979.
500 _aAnais do 5. Congresso Brasileiro de Fruticultura Pelotas, RS (Brasil): 1979. p. 875-882 (BR8704386-AM)F30
650 _aMACA
650 _aMATURACAO PRECOCE
650 _aCOMPORTAMENTO DE VARIEDADE
650 _aSANTA CATARINA
773 0 _tAnais do 5. Congresso Brasileiro de Fruticultura
_wF30 BR8704386
_gPelotas, RS (Brasil), 1979. p. 875-882
909 _a202404
_bLucia
_c55
_dLucia Elande
942 _cAM
_2AGRIS
999 _c318281
_d318281